| 000 | 00691nam a22002057a 4500 | ||
|---|---|---|---|
| 003 | NUST | ||
| 005 | 20240718095506.0 | ||
| 008 | 190726b ||||| |||| 00| 0 eng d | ||
| 038 | _aMr. Noman Tariq | ||
| 082 | _a200 | ||
| 100 |
_aAkram, Muhammad Usman _918615 |
||
| 245 |
_aRETINAL IMAGE ANALYSIS & HYBRID CLASSIFIER FOR SCREENING OF DIABETIC RETINOPATHY / _cMuhammad Usman Akram. |
||
| 260 |
_aRawalpindi: _bCEME - NUST, _c2012. |
||
| 300 |
_a15, 156 p.: ill.; _c30cm. |
||
| 500 | _aHardcover. | ||
| 650 |
_aPhD-Computer Engineering. _990709 |
||
| 700 |
_aSupervisor:Dr. Shoab Ahmed Khan. _916053 |
||
| 856 | _uhttp://10.250.8.41:8080/xmlui/handle/123456789/26644 | ||
| 942 |
_2ddc _cSC |
||
| 999 |
_c527387 _d527387 |
||